000 01653nam a2200325 a 4500
001 BRCA_5031
005 20190320204918.0
008 031110s1836----gw-######v---#000-0#spa-#
041 _aspa
044 _agw
084 _aDOC98
_b.G67
_c1836
100 1 _aGoroztiza y Cepeda, Manuel María del Pilar Eduardo
_d1789-1851
_912850
245 1 0 _aDocumento dirigido a Eduardo Goroztiza
_cEduardo Goroztiza, Luis G. Cuevas.
260 _aBerlín, Alemania
_c1836
300 _a[3] fojas
_c25 x 20 cm
500 _aDocumento expedido el 17 de febrero de 1836 en Berlín
500 _aLuis G. Cuevas escribe a Eduardo Goroztiza comunicándole haber recibido orden del Oficial Mayor de Relaciones de su nombramiento en la Legación Alemana y al mismo tiempo el nombramiento para él en los negocios de Francia. Firma Luis G. Cuevas
500 _aEl documento contiene la leyenda DOC. #259
500 _aPapel con marca de agua
500 _aAl margen: LEGACIÓN DE LOS E.U. MEXICANOS CERCA DE S.S.M.M. LOS REYES DE PRUSIA Y SAXONIA
500 _aTiene sello lacrado
500 _aEstado de conservación: Contiene manchas de acidificación
506 0 _aFondo reservado: para su consulta es necesario credencial de usuario y carta de motivos
546 _aTexto en: español de mediados del siglo XIX
600 1 4 _aGoroztiza y Cepeda, Manuel María del Pilar Eduardo
_d1789-1851
_912850
650 1 4 _aRelaciones internacionales
_vImpreso con rúbricas
_xHistoria
_yFederalismo y centralismo, 1824-1853
_zMéxico
_912851
700 1 _aGonzanza Cuevas, Luis
_cSecretario de Relaciones Exteriores
_d1799-1867
_912852
902 _aFDH
942 _2lcc
_cD
999 _c4725
_d4725